000 00854cam a2200229 4500
001 J118220
008 020529n2002 000 0 eng u
035 _a(Sirsi) u118220
050 _a333.3370941
110 _aBritish Council for Offices
_93992
245 4 _aThe service challenge : how well is the UK office industry serving its customers?
260 _aLondon
_bBCO
_c2002
300 _a30p.
_c30cm.
350 _a75
520 _aAn in depth analysis of the performance of the UK office industry which reveals that it is failing to meet the demands of occupiers and under performs its American counterpart.
650 _aOCCUPIERS
650 _aPROPERTY-COMMERCIAL PROPERTY-OFFICE PROPERTY-OFFICE PROPERTY MARKET
650 _aOFFICES
690 _aPROPERTY-COMMERCIAL PROPERTY
710 _aKingsley Lipsey Morgan
_94254
942 _n0
999 _c102116
_d102116